000 00570nam a2200205Ia 4500
003 OSt
005 20230406114834.0
008 210423s2004 xx 000 0 und d
020 _a9788120338272
040 _cAL
041 _aeng
082 _a368 BODB
_223
100 _aBODLA (B S);others.
_984342
245 _aInsurance: fundamentals environment and procedures.
260 _aNew Delhi
_bDeep and deep publication
_c2004
300 _axvi,472
_bPB
365 _b350
_cINR
906 _aenvironment ; fundamentals ; Insurance: ; procedures.
942 _2ddc
_cBK
999 _c158852
_d158852